| 000 | 00497 a2200169 4500 | ||
|---|---|---|---|
| 003 | OSt | ||
| 005 | 20231218113741.0 | ||
| 008 | 231218b |||||||| |||| 00| 0 eng d | ||
| 020 | _a9789350004647 | ||
| 040 | _coclc | ||
| 082 |
_a801.95 _bMIS/M |
||
| 100 |
_aMishra, Shiv Kumar _910154 |
||
| 245 |
_aMARXVADI SAHITYA CHINTAN: _bIthihaas thatha Sidhanth |
||
| 260 |
_aNew Delhi: _bVani Prakashan, _c2010. |
||
| 300 | _a462p | ||
| 942 |
_2ddc _cBK _h801.95 _iMIS/M _k801.95 _mMIS/M |
||
| 999 |
_c43454 _d43454 |
||